000 00327nam a2200121Ia 4500
005 20260328104344.0
008 260328s9999||||xx |||||||||||||| ||und||
100 _aWeaver, Peter
245 4 _aThe San Lorenzo Protected Area :
_b Panama's Caribbean Treasure /
_cPeter Weaver
300 _a60 p.
650 _aPANAMÁ
942 _cBK
999 _c12221
_d12221